Formas de producción agraria /

En Argentina encontramos diversas formas productivas relacionadas con las actividades agrarias, algunas de ellas generan un fuerte impacto ambiental, que depende, entre otros factores, del tamaño de la producción, la tecnología utilizada y el capital disponible.

Guardado en:
Autor Principal: Saenz, Juan Cruz
Autor Corporativo: Canal Encuentro.
Formato: Deslizar
Publicado: Argentina, 2009
Series:Horizontes. Ciencias Sociales
Materias:
Acceso en línea:https://www.educ.ar/recursos/105900/formas-de-produccion-agraria
Etiquetas: Agregar Etiqueta
Sin Etiquetas, Sea el primero en etiquetar este registro!
LEADER 01405ngm a22003975g 4500
001 CEM.cems023964
008 130507s2009##################0###0#####d
005 20250718135333.0
245 1 0 |a Formas de producción agraria /  |c Juan Cruz Saenz. 
260 |a Argentina,  |c 2009 
300 |a 28'. 
490 0 |a Horizontes. Ciencias Sociales 
520 |a En Argentina encontramos diversas formas productivas relacionadas con las actividades agrarias, algunas de ellas generan un fuerte impacto ambiental, que depende, entre otros factores, del tamaño de la producción, la tecnología utilizada y el capital disponible. 
538 |a Soporte: DVD - Grabación DRD 
500 |a Consultar en ventanilla. 
100 1 |a Saenz, Juan Cruz 
710 2 |a Canal Encuentro. 
082 3 0 |/ SAE-4 
653 |a CIENCIAS SOCIALES 
653 |a HORIZONTES 
653 |a SOCIEDAD 
653 |a IMPACTO AMBIENTAL 
653 |a MEDIO AMBIENTE 
653 |a CONTAMINACION 
653 |a PRODUCCION 
653 |a TECNOLOGIA AGROPECUARIA 
653 |a AGRICULTURA 
653 |a GANADERIA 
653 |a AGRO 
653 |a CAMPO 
653 |a PRODUCCION AGROPECUARIA 
653 |a GEOGRAFIA 
653 |a ECONOMIA 
653 |a SERIE DE TELEVISIÓN 
856 |u https://www.educ.ar/recursos/105900/formas-de-produccion-agraria 
859 |a CEMS  |b BIB. CEMS - Depto. Recursos Didacticos  |h 300  |i SAE-4  |k DRD  |p 2607.15  |t Ej.1